| 000 | 00566nam a2200169Ia 4500 | ||
|---|---|---|---|
| 005 | 20250508153739.0 | ||
| 008 | 008 250505s9999 xx 000 0 eng d | ||
| 037 | _aBooks to be hide in OPAC | ||
| 040 |
_aFEDL _beng _cFEDL |
||
| 041 |
_aeng _2eng |
||
| 084 |
_a954, IND/O _qFEDL |
||
| 245 | 0 | _aReport on the session of first conference of the Indian National Commission for co-operation with UNESCO April 9-10, 1949 | |
| 245 | 0 | _cMinistry of Education. Government of India | |
| 300 | _a71p. | ||
| 942 |
_cHB _h954, IND/O |
||
| 999 |
_c1345187 _d1345187 |
||